000 00554nam a2200181 a 4500
001 000016917
005 20200929165001.0
008 100312s1974 dr a 000 0 spa d
040 _aDO-SdBNP
_bspa
_cBNPHU
082 _axxxx
_bN964n
100 1 _aNúñez P., Ramón A.
_937415
245 1 0 _aNociones de matemática :
_btercer nivel /
_cRamón A. Núñez P.
260 _aSanto Domingo :
_bCultural dominicana,
_c1974.
300 _a234 p. :
_bil. ;
_c23 cm.
490 1 _aEducación de adultos
830 0 _aEducación de adultos
_937416
049 _aBNPD
999 _c16449
_d16449